|
|
|
|
| LEADER |
01351nam a22003377a 4500 |
| 001 |
35303 |
| 003 |
BD-DhAAL |
| 005 |
20190909101759.0 |
| 008 |
190909t2003 enka b 001 0 eng d |
| 999 |
|
|
|c 41163
|d 41163
|
| 010 |
|
|
|a 2004351584
|
| 015 |
|
|
|a GBA3-X5906
|
| 020 |
|
|
|a 0335210864
|
| 020 |
|
|
|a 0335210856 (pbk.)
|
| 035 |
|
|
|a (OCoLC)ocm52143314
|
| 040 |
|
|
|a UKM
|c UKM
|d ORE
|d OCLCQ
|d DLC
|d BD-DhAAL
|
| 042 |
|
|
|a lccopycat
|
| 050 |
0 |
0 |
|a Q175.5
|b .R37 2003
|
| 082 |
0 |
4 |
|a 306.45071241
|2 21
|
| 100 |
1 |
|
|a Ratcliffe, Mary,
|d 1952-
|9 34250
|
| 245 |
1 |
0 |
|a Science education for citizenship :
|b teaching socio-scientific issues /
|c Mary Ratcliffe and Marcus Grace.
|
| 260 |
|
|
|a Maidenhead ;
|a Philadelphia :
|b Open University Press,
|c 2003.
|
| 300 |
|
|
|a x, 178 pages :
|b illustrations ;
|c 23 cm.
|
| 504 |
|
|
|a Includes bibliographical references and index.
|
| 526 |
|
|
|a BIED
|
| 541 |
|
|
|a Complimentary copy from BIED
|e 35303
|
| 650 |
|
0 |
|a Science
|x Social aspects
|x Study and teaching (Secondary)
|z Great Britain.
|9 34251
|
| 700 |
1 |
|
|a Grace, Marcus.
|9 34252
|
| 852 |
|
|
|a Ayesha Abed Library
|c General Stacks
|
| 942 |
|
|
|2 ddc
|c BK
|
| 952 |
|
|
|0 0
|1 0
|2 ddc
|4 0
|6 306_450712410000000_RAT
|7 0
|9 66195
|a BRACUL
|b BRACUL
|c GEN
|d 2019-09-09
|e Complimentary copy from BIED
|l 0
|o 306.45071241 RAT
|p 3010035303
|r 2019-09-09
|t 1
|w 2019-09-09
|y BK
|x Transferred from BIED to General Stacks
|